| 000 | 02958nab a2200277 a 4500 | ||
|---|---|---|---|
| 005 | 20250228094536.0 | ||
| 008 | 991125c2017 sp fr p o 000 0 spa d | ||
| 035 | _aUPN01000221027 | ||
| 040 |
_aUPN _bspa _cUPN _eaacr2 |
||
| 049 | _aART-E | ||
| 100 | 1 |
_aAlcaraz Ibáñez, Manuel _6- manuelalcaraz74@gmail.com |
|
| 245 | 1 | 0 |
_aComparación social de la apariencia en contextos de ejercicio físico como variable predictora de los trastornos de la conducta alimentaria en adolescentes de ambos sexos _h[recurso electrónico en línea] |
| 506 | 0 | _aAcceso abierto | |
| 520 | 3 | _aEl objetivo de este estudio fue investigar la influencia de la comparación de la apariencia realizada en contextos de práctica de ejercicio físico sobre el riesgo de presencia de trastornos de la conducta alimentaria en población adolescente, considerando a su vez el posible papel moderador de diversas variables previamente asociadas con dicho desorden. Un total de 236 escolares (117 chicos y 119 chicas; Medad = 13.78, DT = 1.15) tomaron parte en el estudio. Aplicando una técnica de bootstrapping, se realizaron diversos análisis de regresión y moderación empleando el macro PROCESS para SPSS. Los resultados mostraron que, tras controlar los efectos del sexo, la edad, el índice de masa corporal, y la insatisfacción corporal, la comparación de la apariencia realizada al practicar ejercicio físico se asociaba de forma positiva y estadísticamente significativa con la presencia de síntomas propios de los trastornos de la conducta alimentaria tanto en chicos como en chicas. Los resultados del análisis de moderación mostraron que la percepción de insatisfacción corporal intensificaba dicha relación, contribuyendo de forma estadísticamente significativa a explicar un 4% adicional de varianza en el modelo. Las evidencias obtenidas sugieren que la comparación de la apariencia realizada en contextos de práctica de ejercicio físico es un elemento que debería ser considerado a la hora de diseñar programas destinados a la prevención de la aparición de trastornos de la conducta alimentaria en población adolescente de ambos sexos. A la luz de estos resultados, tanto profesores de Educación Física como monitores y entrenadores deportivos que trabajen con población adolescente deberían tratar de evitar en su práctica profesional situaciones que pudiesen promover o facilitar la comparación de la apariencia física por parte de sus pupilos. | |
| 650 | 0 |
_91014 _aAdolescentes |
|
| 650 | 2 |
_914845 _aEjercicios físicos |
|
| 650 | 4 |
_aEducación física _912884 |
|
| 650 | 2 |
_916441 _aImagen corporal |
|
| 653 | 0 | _aTrastornos de la conducta alimentaria | |
| 653 | 0 | _aComparación social | |
| 773 |
_gVol. 10, no. 21 (2017), p. 80-89 _tEspiral. Cuadernos del profesorado _x1988-7701 |
||
| 856 | 4 | _uhttps://ojs.ual.es/ojs/index.php/ESPIRAL/article/view/1031 | |
| 902 | _aGloria Jiménez/0624 | ||
| 905 | _aArticulo | ||
| 942 | _cART-E | ||
| 999 |
_c193126 _d193126 |
||